[Event "?"]
[Site "?"]
[Date "????.??.??"]
[Round "?"]
[White "Teichmeister, S."]
[Black "Nettesheim, K.W."]
[Result "1/2-1/2"]
[WhiteElo "2092"]
[BlackElo "1920"]
[PlyCount "38"]
[EventDate "2010.??.??"]
[WhiteTeam "Wien 2"]
[BlackTeam "Stiftg BSW/DBAG 3"]

1. e4 d5 2. exd5 Qxd5 3. Nc3 Qa5 4. d4 c6 5. Nf3 Nf6 6. Bd2 Qc7 7. Bc4 Bg4 8.
h3 Bxf3 9. Qxf3 e6 10. O-O-O Nbd7 11. Rhe1 O-O-O 12. Bf4 Bd6 13. Bxd6 Qxd6 14.
g4 Nb6 15. Bb3 Rd7 16. Ne4 Nxe4 17. Qxe4 Nd5 18. Bxd5 Qxd5 19. Qxd5 Rxd5
1/2-1/2

[Event "?"]
[Site "?"]
[Date "????.??.??"]
[Round "?"]
[White "Mai, H."]
[Black "Titz, H."]
[Result "1/2-1/2"]
[WhiteElo "1933"]
[BlackElo "2041"]
[PlyCount "43"]
[EventDate "2010.??.??"]
[WhiteTeam "Stiftg BSW/DBAG 3"]
[BlackTeam "Wien 2"]

1. d4 Nf6 2. Nf3 c5 3. c3 e6 4. Bf4 Nc6 5. e3 Be7 6. Nbd2 O-O 7. Bc4 d5 8. Bd3
b6 9. O-O Bb7 10. Qe2 Re8 11. Ne5 g6 12. Ndf3 Nh5 13. Rfe1 Rc8 14. Nxc6 Bxc6
15. Ba6 Nxf4 16. exf4 Rc7 17. Ne5 Rf8 18. Bd3 Qd6 19. g3 Bb7 20. Rac1 cxd4 21.
cxd4 Rfc8 22. Qd2 1/2-1/2

[Event "?"]
[Site "?"]
[Date "????.??.??"]
[Round "?"]
[White "Niebuhr, G."]
[Black "Happel, H."]
[Result "1/2-1/2"]
[WhiteElo "2079"]
[BlackElo "2181"]
[PlyCount "20"]
[EventDate "2010.??.??"]
[WhiteTeam "FB Niedersachsen"]
[BlackTeam "Kgl SV  Den Haag"]

1. d4 Nf6 2. Nf3 e6 3. Bg5 c5 4. e3 b6 5. d5 exd5 6. Nc3 Be7 7. Nxd5 Bb7 8.
Nxe7 Qxe7 9. c4 O-O 10. Qc2 a5 1/2-1/2

[Event "?"]
[Site "?"]
[Date "????.??.??"]
[Round "?"]
[White "Dickhoff, R."]
[Black "Hellwege, W."]
[Result "1-0"]
[WhiteElo "2123"]
[BlackElo "2000"]
[PlyCount "91"]
[EventDate "2010.??.??"]
[WhiteTeam "Kgl SV  Den Haag"]
[BlackTeam "FB Niedersachsen"]

1. d4 g6 2. c4 Bg7 3. e4 d6 4. Nc3 Nf6 5. Nf3 O-O 6. Be2 Nbd7 7. Be3 Ng4 8. Bg5
f6 9. Bd2 e5 10. h3 Nh6 11. d5 a5 12. Qc1 Nf7 13. g4 Nc5 14. Rg1 Kh8 15. h4 Bd7
16. h5 g5 17. Nh2 Nh6 18. f3 Ng8 19. Nf1 h6 20. Ng3 Ne7 21. Be3 b6 22. Qc2 Qb8
23. Kf2 Qb7 24. b3 Rfd8 25. Nf1 Nc8 26. Nd2 Na7 27. a3 Na6 28. Rab1 Rdb8 29. b4
axb4 30. axb4 Qc8 31. Rb2 b5 32. Bxa7 Rxa7 33. cxb5 Nxb4 34. Rxb4 Rba8 35. Qd3
Qb7 36. Qe3 Ra3 37. Rgb1 Be8 38. Nc4 Ra1 39. Rxa1 Rxa1 40. Bd1 Qa8 41. Rb3 Kh7
42. b6 cxb6 43. Qxb6 Ba4 44. Nxa4 Rxd1 45. Nc3 Rd4 46. Ra3 1-0

[Event "?"]
[Site "?"]
[Date "????.??.??"]
[Round "?"]
[White "Jürgens, P."]
[Black "Lindner, J."]
[Result "1/2-1/2"]
[WhiteElo "2014"]
[BlackElo "2174"]
[PlyCount "26"]
[EventDate "2010.??.??"]
[WhiteTeam "FB Niedersachsen"]
[BlackTeam "Kgl SV  Den Haag"]

1. d4 e6 2. e4 d5 3. exd5 exd5 4. Nf3 Bd6 5. c4 c6 6. Nc3 Ne7 7. Bd3 O-O 8. O-O
Bg4 9. Bxh7+ Kh8 10. Bd3 dxc4 11. Bxc4 Nd7 12. Ne4 Nb6 13. Be2 Nf5 1/2-1/2

[Event "?"]
[Site "?"]
[Date "????.??.??"]
[Round "?"]
[White "Vink, W."]
[Black "Fritsch, J."]
[Result "1-0"]
[WhiteElo "2001"]
[BlackElo "1949"]
[PlyCount "73"]
[EventDate "2010.??.??"]
[WhiteTeam "Kgl SV  Den Haag"]
[BlackTeam "FB Niedersachsen"]

1. d4 d5 2. Nf3 Nf6 3. c4 e6 4. Nc3 a6 5. cxd5 exd5 6. Bg5 Be7 7. e3 O-O 8. Bd3
h6 9. Bh4 c6 10. h3 Nbd7 11. Qc2 g5 12. Bg3 Nh5 13. Bh2 Ng7 14. O-O f5 15. Ne5
Nxe5 16. Bxe5 Bf6 17. f4 gxf4 18. exf4 Bxe5 19. fxe5 Qg5 20. Rf3 f4 21. Raf1
Bf5 22. Rxf4 Bxd3 23. Rxf8+ Rxf8 24. Rxf8+ Kxf8 25. Qxd3 Nf5 26. Ne2 Ke7 27. g3
Kd7 28. Kf2 h5 29. Qf3 h4 30. g4 Ne7 31. Qf4 Qg6 32. a3 Qd3 33. Qe3 Qc2 34. e6+
Kd8 35. Qf4 Ng6 36. Qd6+ Kc8 37. e7 1-0

[Event "?"]
[Site "?"]
[Date "????.??.??"]
[Round "?"]
[White "Jones, I."]
[Black "Olesen, P."]
[Result "1-0"]
[WhiteElo "2290"]
[BlackElo "2082"]
[PlyCount "110"]
[EventDate "2010.??.??"]
[WhiteTeam "Wales"]
[BlackTeam "Dänemark 2"]
[WhiteTeamCountry "WLS"]

1. d4 g6 2. e4 Bg7 3. Nf3 d6 4. c3 c6 5. Be2 Nf6 6. Nbd2 O-O 7. O-O Qc7 8. Qc2
Nbd7 9. Re1 Re8 10. Bf1 e5 11. dxe5 dxe5 12. Nc4 Nb6 13. Ne3 h6 14. c4 Be6 15.
Bd2 Rad8 16. Ba5 c5 17. Nd5 Bxd5 18. cxd5 Nfd7 19. Nd2 Bf8 20. Bb5 Rc8 21. Nc4
Red8 22. Qb3 Rb8 23. Rad1 Bd6 24. Rc1 Nf6 25. Ba4 Qe7 26. Nxb6 axb6 27. Bxb6
Rdc8 28. Qh3 Kg7 29. Bb5 Nh5 30. Qe3 f5 31. exf5 gxf5 32. Qh3 Qg5 33. Bd7 Nf4
34. Qg3 Rf8 35. Qxg5+ hxg5 36. Bb5 e4 37. Bxc5 Rf6 38. Bd4 Rh8 39. g3 Nxd5 40.
Red1 Bb8 41. Rc5 Ne7 42. Bxf6+ Kxf6 43. Rd7 Ng6 44. Rxb7 Ne5 45. Be2 Bd6 46.
Rd5 Ke6 47. Rd1 f4 48. Rb6 Rd8 49. a4 Ke7 50. a5 f3 51. Bf1 e3 52. fxe3 Bc7 53.
Rxd8 Bxb6 54. Rd5 Bxe3+ 55. Kh1 Ke6 1-0

[Event "?"]
[Site "?"]
[Date "????.??.??"]
[Round "?"]
[White "Taylor, R.G."]
[Black "Preuss, F."]
[Result "0-1"]
[WhiteElo "2027"]
[BlackElo "2057"]
[PlyCount "82"]
[EventDate "2010.??.??"]
[WhiteTeam "Wales"]
[BlackTeam "Dänemark 2"]
[WhiteTeamCountry "WLS"]

1. e4 e5 2. Nf3 d6 3. Bc4 Be7 4. O-O Nf6 5. d3 c6 6. c3 b5 7. Bb3 a6 8. Nbd2
O-O 9. Re1 Nbd7 10. Nf1 Nc5 11. Bc2 Qc7 12. Ng3 Re8 13. h3 Bf8 14. Bg5 Nfd7 15.
Nf5 Ne6 16. Be3 Nf6 17. Qd2 g6 18. Ng3 Bg7 19. Bh6 Bb7 20. Bxg7 Kxg7 21. d4 h6
22. Rad1 Rad8 23. Ne2 Nf8 24. Ng3 c5 25. d5 c4 26. a4 N8d7 27. Ra1 Nc5 28. axb5
axb5 29. Nh4 Kh7 30. Ra7 Ra8 31. Rea1 Qb6 32. Rxa8 Bxa8 33. Kh2 Qd8 34. Ra7 Bb7
35. f4 Ng4+ 36. hxg4 Qxh4+ 37. Kg1 Qxg3 38. fxe5 Qxe5 39. Qf2 Kg7 40. b4 cxb3
41. Bxb3 Re7 0-1

[Event "?"]
[Site "?"]
[Date "????.??.??"]
[Round "?"]
[White "Poulsen, H."]
[Black "Van Kemenade, R."]
[Result "0-1"]
[WhiteElo "1891"]
[BlackElo "2039"]
[PlyCount "65"]
[EventDate "2010.??.??"]
[WhiteTeam "Dänemark 2"]
[BlackTeam "Wales"]
[BlackTeamCountry "WLS"]

1. c4 g6 2. g3 Bg7 3. Bg2 d6 4. Nc3 Nc6 5. Nf3 Nf6 6. O-O O-O 7. d4 e5 8. dxe5
dxe5 9. Qxd8 Rxd8 10. Bg5 Be6 11. Bxf6 Bxf6 12. Ne4 Be7 13. b3 h6 14. Rfd1 f5
15. Nc3 e4 16. Ne1 Bf6 17. Rac1 Rxd1 18. Nxd1 Rd8 19. Ne3 Bg5 20. Rd1 Bxe3 21.
Rxd8+ Nxd8 22. fxe3 Nc6 23. Nc2 Kf7 24. g4 a5 25. gxf5 gxf5 26. Nd4 Nb4 27. Nb5
Nxa2 28. Nxc7 Nc1 29. Nb5 Nxb3 30. Nd6+ Kf6 31. Nxb7 a4 32. c5 a3 33. c6 0-1

[Event "?"]
[Site "?"]
[Date "????.??.??"]
[Round "?"]
[White "Carlsten, P."]
[Black "Mostertman, L."]
[Result "1-0"]
[WhiteElo "2133"]
[BlackElo "2077"]
[PlyCount "79"]
[EventDate "2010.??.??"]
[WhiteTeam "Schweden 2"]
[BlackTeam "Oranjeteam 2"]

1. e4 e5 2. Nf3 Nc6 3. Bb5 f5 4. Nc3 fxe4 5. Nxe4 d5 6. Nxe5 dxe4 7. Nxc6 Qg5
8. Nd4+ c6 9. Bf1 Qe5 10. Nb3 Nf6 11. Be2 Bf5 12. d4 exd3 13. cxd3 O-O-O 14. d4
Bb4+ 15. Bd2 Qd6 16. O-O Bxd2 17. Qxd2 Kb8 18. Rfd1 Ne4 19. Qa5 Qf4 20. Qe5+
Qxe5 21. dxe5 Rxd1+ 22. Rxd1 Re8 23. f3 Ng5 24. f4 Ne6 25. g3 g5 26. Nd4 Nxd4
27. Rxd4 gxf4 28. gxf4 Kc7 29. Kf2 Re6 30. Bd3 Bxd3 31. Rxd3 Rh6 32. h3 c5 33.
b3 b5 34. Rc3 b4 35. Rxc5+ Kb6 36. Rc4 Rxh3 37. e6 Rh2+ 38. Kf3 Rh3+ 39. Ke4
Rh1 40. Kf5 1-0

[Event "?"]
[Site "?"]
[Date "????.??.??"]
[Round "?"]
[White "Versteeg, C."]
[Black "Wahlund, B."]
[Result "1-0"]
[WhiteElo "2052"]
[BlackElo "2095"]
[PlyCount "109"]
[EventDate "2010.??.??"]
[WhiteTeam "Oranjeteam 2"]
[BlackTeam "Schweden 2"]

1. e4 e5 2. Nf3 Nc6 3. Nc3 Nf6 4. Bb5 Nd4 5. Bc4 Nxf3+ 6. Qxf3 Bc5 7. d3 d6 8.
Bg5 c6 9. O-O h6 10. Be3 Qe7 11. Bxc5 dxc5 12. Ne2 Bg4 13. Qe3 Bxe2 14. Qxe2
O-O 15. f4 b5 16. Bb3 exf4 17. Rxf4 c4 18. dxc4 Qe5 19. Raf1 Rae8 20. cxb5 cxb5
21. Kh1 Re7 22. Rf5 Qxb2 23. Qxb5 Kh8 24. e5 Nh7 25. Qc5 Rfe8 26. Bxf7 Rxe5 27.
Rxe5 Qxe5 28. Qxe5 Rxe5 29. Rd1 g5 30. Kg1 Re7 31. Bg6 Kg7 32. Bf5 Nf6 33. g4
Kf7 34. Rd6 Rc7 35. Kf1 Rc5 36. Ra6 Rc7 37. Ke1 Kg7 38. Kd2 Re7 39. c4 Ne4+ 40.
Kc2 Nc5 41. Rc6 Ne4 42. Re6 Rxe6 43. Bxe6 Kf6 44. Bf5 Nd6 45. Bd3 Ke5 46. Kc3
Nb7 47. Kb4 Kd4 48. Bf1 Nc5 49. Bg2 Nd3+ 50. Kb5 Nf4 51. Bf1 Ne6 52. Ka6 Kc5
53. Kxa7 Kb4 54. Kb6 Nc5 55. Kc6 1-0

[Event "?"]
[Site "?"]
[Date "????.??.??"]
[Round "?"]
[White "Mascini, J."]
[Black "Andersson, S.O."]
[Result "1/2-1/2"]
[WhiteElo "1894"]
[BlackElo "2068"]
[PlyCount "42"]
[EventDate "2010.??.??"]
[WhiteTeam "Oranjeteam 2"]
[BlackTeam "Schweden 2"]

1. Nf3 c5 2. c4 Nc6 3. d4 cxd4 4. Nxd4 Nf6 5. Nc3 g6 6. e4 d6 7. Be2 Bg7 8. Be3
O-O 9. Qd2 Ng4 10. Bxg4 Bxg4 11. f3 Bd7 12. O-O Ne5 13. b3 a6 14. Rac1 Rc8 15.
Rfd1 f5 16. exf5 gxf5 17. a4 Rf6 18. Nd5 Rf7 19. a5 Nc6 20. Nb6 f4 21. Bf2 Nxd4
1/2-1/2

[Event "?"]
[Site "?"]
[Date "????.??.??"]
[Round "?"]
[White "Pamperin, G."]
[Black "Finnlaugsson, G."]
[Result "1/2-1/2"]
[WhiteElo "2007"]
[BlackElo "2121"]
[PlyCount "43"]
[EventDate "2010.??.??"]
[WhiteTeam "Mecklenburg-Vorp 2"]
[BlackTeam "KR Reykjavik"]

1. d4 Nf6 2. c4 c5 3. d5 b5 4. cxb5 a6 5. e3 axb5 6. Bxb5 Bb7 7. Bc4 g6 8. Nf3
d6 9. O-O Bg7 10. Nc3 O-O 11. e4 Nbd7 12. Qe2 Nb6 13. Bb5 Ne8 14. Bf4 Nc7 15.
Bd3 Qd7 16. Rfe1 Na4 17. Qd2 Nxc3 18. bxc3 Ra3 19. Rec1 Rfa8 20. Rab1 Rxa2 21.
Rc2 Rxc2 22. Qxc2 1/2-1/2

[Event "?"]
[Site "?"]
[Date "????.??.??"]
[Round "?"]
[White "Gunnarsson, M."]
[Black "Oldach, E."]
[Result "1-0"]
[WhiteElo "2107"]
[BlackElo "2070"]
[PlyCount "43"]
[EventDate "2010.??.??"]
[WhiteTeam "KR Reykjavik"]
[BlackTeam "Mecklenburg-Vorp 2"]

1. d4 e6 2. c4 f5 3. g3 Nf6 4. Bg2 Bb4+ 5. Bd2 Qe7 6. Nc3 O-O 7. Nf3 d6 8. O-O
Bxc3 9. Bxc3 Ne4 10. Qc2 Nd7 11. Nd2 Nxc3 12. Qxc3 Nf6 13. e4 fxe4 14. Nxe4 Rb8
15. Rae1 Nxe4 16. Rxe4 a6 17. Rfe1 Rf6 18. f4 Bd7 19. d5 Qf7 20. dxe6 Rxe6 21.
Rxe6 Bxe6 22. Rxe6 1-0

[Event "?"]
[Site "?"]
[Date "????.??.??"]
[Round "?"]
[White "Bondick, K."]
[Black "Morant, P."]
[Result "1-0"]
[WhiteElo "2167"]
[BlackElo "2194"]
[PlyCount "81"]
[EventDate "2010.??.??"]
[WhiteTeam "Ottonen Magdeburg"]
[BlackTeam "TuTS"]

1. d4 e6 2. e4 d5 3. Be3 dxe4 4. Nd2 f5 5. f3 exf3 6. Ngxf3 Nf6 7. Bc4 Nc6 8.
Qe2 Be7 9. O-O O-O 10. Rae1 Nd5 11. c3 Kh8 12. Bb3 Bf6 13. Nc4 Qe7 14. Bc1 Nd8
15. Nce5 c6 16. Nd3 b5 17. Nfe5 g6 18. Rf3 Rg8 19. Rh3 a6 20. Bxd5 cxd5 21. Nf4
Qe8 22. Nfxg6+ Rxg6 23. Qh5 Rxg2+ 24. Kxg2 Qxh5 25. Rxh5 Bxe5 26. Rxe5 Nf7 27.
Re3 Ra7 28. Rg3 h6 29. Bxh6 Nxh6 30. Rxh6+ Rh7 31. Rxh7+ Kxh7 32. Kf3 Bd7 33.
Kf4 Be8 34. Ke5 Bh5 35. Rg5 Be2 36. Rg2 Bf3 37. Rg1 Be4 38. Kxe6 f4 39. Ke5 f3
40. Kf4 Kh6 41. Rf1 1-0

[Event "?"]
[Site "?"]
[Date "????.??.??"]
[Round "?"]
[White "Suominen, A."]
[Black "Werchan, H."]
[Result "1/2-1/2"]
[WhiteElo "1877"]
[BlackElo "2149"]
[PlyCount "83"]
[EventDate "2010.??.??"]
[WhiteTeam "TuTS"]
[BlackTeam "Ottonen Magdeburg"]

1. d4 Nf6 2. c4 g6 3. Nc3 Bg7 4. e4 d6 5. Nf3 O-O 6. Be2 Nbd7 7. O-O c6 8. h3
e5 9. dxe5 dxe5 10. Be3 Qe7 11. Qc2 Nh5 12. g3 Nc5 13. a3 Bxh3 14. Rfd1 Bg4 15.
Rd2 Ne6 16. b4 Bxf3 17. Bxf3 Nd4 18. Qd1 b6 19. Kg2 Nxf3 20. Qxf3 Rad8 21. Rad1
Rxd2 22. Rxd2 Rd8 23. Qd1 Bf6 24. b5 Rxd2 25. Qxd2 cxb5 26. Nxb5 Ng7 27. Qd5
Ne6 28. Qa8+ Qd8 29. Qxa7 Nd4 30. Nc7 Be7 31. Qxb6 Bxa3 32. Nd5 Qxb6 33. Nxb6
Nc6 34. Nd7 Be7 35. Nb6 f6 36. Nd5 Kf7 37. g4 Bd8 38. Bc5 Ke6 39. Kg3 f5 40.
gxf5+ gxf5 41. exf5+ Kxf5 42. f3 1/2-1/2

[Event "?"]
[Site "?"]
[Date "????.??.??"]
[Round "?"]
[White "Almi, O."]
[Black "Graßmann, H."]
[Result "1/2-1/2"]
[WhiteElo "1792"]
[BlackElo "1964"]
[PlyCount "59"]
[EventDate "2010.??.??"]
[WhiteTeam "TuTS"]
[BlackTeam "Ottonen Magdeburg"]

1. e4 c5 2. Nf3 d6 3. d4 cxd4 4. Nxd4 a6 5. Nc3 Nf6 6. Be2 e6 7. O-O Be7 8. Be3
O-O 9. f4 Qc7 10. Bf3 Bd7 11. Qe2 Nc6 12. Rad1 Rac8 13. Kh1 Na5 14. Qf2 Nc4 15.
Bc1 b5 16. b3 Na5 17. Bd2 Nc6 18. Rc1 Nxd4 19. Qxd4 Qc5 20. Ne2 d5 21. e5 Ne8
22. c3 g6 23. Qe3 Qa3 24. Rc2 Ng7 25. g4 Rc7 26. Bc1 Qa5 27. Nd4 Rfc8 28. Qd3
Qb6 29. Bb2 Bc5 30. Rfc1 1/2-1/2

[Event "?"]
[Site "?"]
[Date "????.??.??"]
[Round "?"]
[White "Lyly, S."]
[Black "Rasmussen, L."]
[Result "1/2-1/2"]
[WhiteElo "1991"]
[BlackElo "2065"]
[PlyCount "36"]
[EventDate "2010.??.??"]
[WhiteTeam "Stadi"]
[BlackTeam "Luxemburg"]
[BlackTeamCountry "LUX"]

1. e4 b6 2. d4 Bb7 3. Nc3 g6 4. f4 Bg7 5. Nf3 c5 6. Be2 e6 7. O-O Ne7 8. Be3
O-O 9. Qe1 cxd4 10. Nxd4 a6 11. Bf3 d6 12. Rd1 Qc7 13. Qf2 Nd7 14. Rd2 Rad8 15.
Rfd1 Nc8 16. Nde2 b5 17. a3 Ndb6 18. b3 Rfe8 1/2-1/2

[Event "?"]
[Site "?"]
[Date "????.??.??"]
[Round "?"]
[White "Feller, J."]
[Black "Laitinen, M."]
[Result "1-0"]
[WhiteElo "2212"]
[BlackElo "1843"]
[PlyCount "89"]
[EventDate "2010.??.??"]
[WhiteTeam "Luxemburg"]
[BlackTeam "Stadi"]
[WhiteTeamCountry "LUX"]

1. e4 c5 2. g3 Nc6 3. Bg2 g6 4. Ne2 Bg7 5. c3 e6 6. O-O Nge7 7. d4 cxd4 8. Nxd4
O-O 9. Be3 d6 10. Na3 Nxd4 11. Bxd4 Nc6 12. Bxg7 Kxg7 13. Nc4 d5 14. exd5 exd5
15. Bxd5 Bh3 16. Bg2 Bxg2 17. Kxg2 Qxd1 18. Raxd1 Rad8 19. f4 Rxd1 20. Rxd1 Rd8
21. Rxd8 Nxd8 22. Kf3 h5 23. Ke4 Kf6 24. Kd5 Ke7 25. Ne5 Ne6 26. a4 Nf8 27. a5
a6 28. b4 f6 29. Nd3 Ne6 30. Nc5 Nd8 31. Ne4 Nf7 32. c4 g5 33. fxg5 fxg5 34. b5
axb5 35. cxb5 Kd7 36. a6 bxa6 37. bxa6 Kc7 38. a7 Kb7 39. Nd6+ Nxd6 40. Kxd6 h4
41. Ke5 hxg3 42. hxg3 Kxa7 43. Kf5 Kb7 44. Kxg5 Kc7 45. Kf6 1-0

[Event "?"]
[Site "?"]
[Date "????.??.??"]
[Round "?"]
[White "Hall, R."]
[Black "Blaeser, R."]
[Result "1/2-1/2"]
[WhiteElo "1840"]
[BlackElo "2163"]
[PlyCount "34"]
[EventDate "2010.??.??"]
[WhiteTeam "Stadi"]
[BlackTeam "Luxemburg"]
[BlackTeamCountry "LUX"]

1. d4 c5 2. d5 Nf6 3. Nf3 g6 4. c4 b5 5. cxb5 a6 6. e3 axb5 7. Bxb5 Bg7 8. O-O
O-O 9. Nc3 Ba6 10. Bxa6 Nxa6 11. Nd2 d6 12. Nc4 Qc7 13. e4 Rab8 14. Qe2 Nd7 15.
f4 Nb6 16. Nxb6 Rxb6 17. a3 Rb3 1/2-1/2

[Event "?"]
[Site "?"]
[Date "????.??.??"]
[Round "?"]
[White "Assel, F."]
[Black "Stähle, S."]
[Result "1/2-1/2"]
[WhiteElo "1745"]
[BlackElo "1678"]
[PlyCount "31"]
[EventDate "2010.??.??"]
[WhiteTeam "Luxemburg"]
[BlackTeam "Stadi"]
[WhiteTeamCountry "LUX"]

1. e4 c5 2. c3 Nc6 3. d4 d5 4. dxc5 e6 5. b4 a6 6. exd5 exd5 7. Nf3 Be7 8. Be2
Nf6 9. O-O O-O 10. Bb2 Bg4 11. Nbd2 Qc7 12. Re1 Rad8 13. Nd4 Ne5 14. N2f3 Ng6
15. h3 Bc8 16. Bd3 1/2-1/2

[Event "?"]
[Site "?"]
[Date "????.??.??"]
[Round "?"]
[White "Ofstad, P."]
[Black "Johannsen, I."]
[Result "1-0"]
[WhiteElo "2187"]
[BlackElo "2071"]
[PlyCount "81"]
[EventDate "2010.??.??"]
[WhiteTeam "Norwegen Ost"]
[BlackTeam "Störtebeker"]

1. Nf3 e6 2. d4 Nf6 3. g3 b6 4. Bg2 Bb7 5. O-O Be7 6. c4 d5 7. Nc3 O-O 8. b3
Nbd7 9. Bb2 Ne4 10. Nxe4 dxe4 11. Nd2 f5 12. e3 c5 13. Qe2 Bf6 14. f3 exf3 15.
Nxf3 Qc7 16. Rad1 Rae8 17. Ne1 cxd4 18. exd4 e5 19. Bxb7 Qxb7 20. Qg2 Qxg2+ 21.
Nxg2 exd4 22. Bxd4 Bxd4+ 23. Rxd4 Ne5 24. Rd5 g5 25. Ne3 f4 26. Ng4 Nxg4 27.
Rxg5+ Kh8 28. Rxg4 fxg3 29. Rxg3 Rg8 30. Rf7 a5 31. Rxg8+ Kxg8 32. Rb7 Re6 33.
Kf2 Rh6 34. Kg3 Rd6 35. Kf4 a4 36. Ke3 axb3 37. axb3 Rh6 38. b4 Rd6 39. c5 bxc5
40. bxc5 Rd5 41. c6 1-0

[Event "?"]
[Site "?"]
[Date "????.??.??"]
[Round "?"]
[White "Jenkins, T."]
[Black "Schäfer, H."]
[Result "1-0"]
[WhiteElo "1969"]
[BlackElo "1933"]
[PlyCount "69"]
[EventDate "2010.??.??"]
[WhiteTeam "Norwegen Ost"]
[BlackTeam "Störtebeker"]

1. e4 c5 2. Nf3 d6 3. d4 cxd4 4. Nxd4 Nf6 5. Nc3 a6 6. a3 e6 7. Bd3 Be7 8. Be3
Qc7 9. O-O O-O 10. f4 Bd7 11. Kh1 Nc6 12. Nf3 b5 13. Rc1 Rac8 14. Qe2 Rfd8 15.
h3 Be8 16. Qf2 Qb8 17. g4 Nd7 18. Rfe1 Na5 19. f5 Nc4 20. fxe6 fxe6 21. Ng5 Nf8
22. Nd1 Nxe3 23. Qxe3 h6 24. Nf3 e5 25. Nc3 Rxc3 26. bxc3 Ne6 27. c4 Ng5 28.
Rb1 Qc7 29. Nxg5 Bxg5 30. Qe2 Bh4 31. Rf1 Bc6 32. Qh2 Bg5 33. cxb5 axb5 34.
Bxb5 Bf4 35. Rxf4 1-0

[Event "?"]
[Site "?"]
[Date "????.??.??"]
[Round "?"]
[White "Schneider, M."]
[Black "Nilsen, K."]
[Result "1-0"]
[WhiteElo "1995"]
[BlackElo "1864"]
[PlyCount "79"]
[EventDate "2010.??.??"]
[WhiteTeam "Störtebeker"]
[BlackTeam "Norwegen Ost"]

1. d4 Nf6 2. c4 e5 3. dxe5 Ng4 4. e4 Nxe5 5. f4 Ng6 6. Be3 Bb4+ 7. Nc3 Bxc3+ 8.
bxc3 Nc6 9. Nf3 d6 10. Bd3 Bd7 11. O-O Qe7 12. Nd4 f6 13. Qd2 Nxd4 14. cxd4 O-O
15. f5 Nh8 16. Rf3 Kf7 17. Re1 Bc6 18. Bf2 Rfe8 19. Rh3 h6 20. Qf4 Kf8 21. e5
dxe5 22. dxe5 fxe5 23. Qe3 b6 24. f6 gxf6 25. Qxh6+ Qg7 26. Qxh8+ Qxh8 27.
Rxh8+ Ke7 28. Rh7+ Ke6 29. Rxc7 Kd6 30. Rxc6+ Kxc6 31. Be4+ Kd6 32. Bxa8 Rxa8
33. Rd1+ Kc6 34. h4 Re8 35. g3 a6 36. Kg2 e4 37. Be3 b5 38. c5 f5 39. Rd6+ Kb7
40. h5 1-0

[Event "?"]
[Site "?"]
[Date "????.??.??"]
[Round "?"]
[White "Kivipelto, K."]
[Black "Svenske, J."]
[Result "1-0"]
[WhiteElo "2185"]
[BlackElo "1844"]
[PlyCount "56"]
[EventDate "2010.??.??"]
[WhiteTeam "Helsinki"]
[BlackTeam "Arctic Team"]

1. Nf3 g6 2. g3 Bg7 3. Bg2 Nf6 4. O-O d6 5. c4 Nbd7 6. Nc3 O-O 7. d3 e5 8. Rb1
c6 9. Nd2 Re8 10. b4 a6 11. a4 Nf8 12. e4 Ne6 13. Nb3 Bd7 14. Be3 Rc8 15. c5
dxc5 16. bxc5 Rc7 17. Na5 Bc8 18. Nc4 Nd7 19. Nd6 Re7 20. Nxc8 Qxc8 21. Nd5
Ndxc5 22. Nxe7+ Rxe7 23. Bh3 Qd8 24. Bxe6 Nxe6 25. Qb3 b5 26. Rfc1 Rd7 27. Rxc6
Rxd3 28. Qc2 bxa4 1-0

[Event "?"]
[Site "?"]
[Date "????.??.??"]
[Round "?"]
[White "Flotten, E."]
[Black "Koskinen, V."]
[Result "0-1"]
[WhiteElo "1794"]
[BlackElo "1990"]
[PlyCount "50"]
[EventDate "2010.??.??"]
[WhiteTeam "Arctic Team"]
[BlackTeam "Helsinki"]

1. e4 c6 2. f4 e5 3. d3 exf4 4. Bxf4 d5 5. exd5 Qxd5 6. Nc3 Qa5 7. Bd2 Be6 8.
Nf3 Nf6 9. Be2 Nbd7 10. O-O O-O-O 11. Kh1 h6 12. Nd4 Qc7 13. Nxe6 fxe6 14. Qe1
Bd6 15. g3 Rde8 16. a3 Ne5 17. b4 h5 18. Bg5 Neg4 19. Ne4 Nxe4 20. dxe4 Nxh2
21. Bf4 Nxf1 22. Bxd6 Qxd6 23. Qxf1 h4 24. gxh4 Qf4 25. Bd3 Qxh4+ 0-1

[Event "?"]
[Site "?"]
[Date "????.??.??"]
[Round "?"]
[White "Kangas, M."]
[Black "Olsen, B."]
[Result "1-0"]
[WhiteElo "1935"]
[BlackElo "1694"]
[PlyCount "98"]
[EventDate "2010.??.??"]
[WhiteTeam "Helsinki"]
[BlackTeam "Arctic Team"]

1. e4 d6 2. Nf3 a6 3. d4 c6 4. Bd3 g6 5. O-O Bg7 6. c3 Nd7 7. a4 Ngf6 8. Be3
O-O 9. Na3 Kh8 10. h3 Ng8 11. Qd2 Re8 12. Ng5 Rf8 13. Bc4 Qe8 14. b4 e6 15. Qa2
Nb6 16. Bb3 d5 17. a5 Nd7 18. exd5 exd5 19. Rae1 Ndf6 20. Bf4 Qd8 21. c4 h6 22.
Nf3 Be6 23. Ne5 Qe7 24. Bc2 Kh7 25. Qb1 Ne4 26. f3 Bxe5 27. dxe5 Ng5 28. h4
Nxf3+ 29. Rxf3 Qxh4 30. Qc1 Rae8 31. Bd3 Qe7 32. c5 Kg7 33. Nc2 g5 34. Rg3 g4
35. Ne3 h5 36. Bf5 Qd7 37. Nxg4 Kh8 38. Rh3 Bxf5 39. Rxh5+ Bh7 40. Qb1 f5 41.
e6 Qe7 42. Be5+ Nf6 43. Qxf5 Kg8 44. Qg5+ Qg7 45. Nxf6+ Rxf6 46. Bxf6 Qxg5 47.
Rxg5+ Kf8 48. Rg7 Be4 49. Re3 Rxe6 1-0

[Event "?"]
[Site "?"]
[Date "????.??.??"]
[Round "?"]
[White "Esbensen, H."]
[Black "Saharinen, P."]
[Result "0-1"]
[WhiteElo "1445"]
[BlackElo "1857"]
[PlyCount "34"]
[EventDate "2010.??.??"]
[WhiteTeam "Arctic Team"]
[BlackTeam "Helsinki"]

1. Nf3 d5 2. d4 Nf6 3. e3 Bg4 4. Be2 e6 5. O-O Be7 6. c4 c6 7. Nc3 O-O 8. b3
Nbd7 9. Bb2 h6 10. Rc1 Re8 11. h3 Bf5 12. Ne5 Nxe5 13. dxe5 Nh7 14. g4 Bg6 15.
Bd3 Bg5 16. Bxg6 fxg6 17. Kg2 Rf8 0-1

[Event "?"]
[Site "?"]
[Date "????.??.??"]
[Round "?"]
[White "Dahl, I."]
[Black "Schröter, H."]
[Result "1/2-1/2"]
[WhiteElo "1949"]
[BlackElo "2110"]
[PlyCount "46"]
[EventDate "2010.??.??"]
[WhiteTeam "Blindern Oldtimers"]
[BlackTeam "SV TuR Dresden"]

1. Nf3 Nf6 2. c4 d6 3. b4 e5 4. Bb2 Be7 5. e3 O-O 6. Qb3 Bf5 7. d4 exd4 8. Nxd4
Bg6 9. Nf3 Nbd7 10. Nc3 a5 11. a3 c6 12. Be2 axb4 13. axb4 Rxa1+ 14. Bxa1 Qc7
15. O-O Ra8 16. Bb2 Ne5 17. Nxe5 dxe5 18. h3 Rd8 19. b5 Nd7 20. Na4 Nc5 21.
Nxc5 Bxc5 22. Rd1 f6 23. bxc6 Rxd1+ 1/2-1/2

[Event "?"]
[Site "?"]
[Date "????.??.??"]
[Round "?"]
[White "Bergersen, P."]
[Black "Appelt, G."]
[Result "1/2-1/2"]
[WhiteElo "1490"]
[BlackElo "2065"]
[PlyCount "44"]
[EventDate "2010.??.??"]
[WhiteTeam "Blindern Oldtimers"]
[BlackTeam "SV TuR Dresden"]

1. Nf3 Nf6 2. g3 b6 3. Bg2 Bb7 4. c4 e6 5. O-O Be7 6. d3 O-O 7. Nc3 d6 8. a3 a5
9. Rb1 Nbd7 10. b4 axb4 11. axb4 c6 12. Qb3 Qc7 13. Bb2 Ra7 14. Ra1 Rfa8 15.
Rxa7 Rxa7 16. Ra1 Ba8 17. Nd2 d5 18. cxd5 exd5 19. Rc1 Qd6 20. b5 c5 21. e3 h5
22. Ra1 Rxa1+ 1/2-1/2

[Event "?"]
[Site "?"]
[Date "????.??.??"]
[Round "?"]
[White "Weidlich, G."]
[Black "Stavenhagen, J."]
[Result "1-0"]
[WhiteElo "2198"]
[BlackElo "2011"]
[PlyCount "109"]
[EventDate "2010.??.??"]
[WhiteTeam "SV Dresden-Leuben"]
[BlackTeam "Saxone/1911-BSW"]

1. d4 Nf6 2. Nf3 e6 3. c4 d5 4. g3 Bb4+ 5. Bd2 Bxd2+ 6. Nbxd2 O-O 7. Bg2 Nbd7
8. Qc2 Re8 9. O-O c6 10. e4 dxe4 11. Nxe4 Nxe4 12. Qxe4 Nf6 13. Qc2 Qc7 14. c5
Bd7 15. Ne5 Red8 16. Rad1 Rac8 17. Rfe1 b5 18. Bf3 Be8 19. h4 Qa5 20. Rf1 Qc7
21. Kg2 Nd5 22. Be4 f5 23. Bf3 Qe7 24. Qd2 Qf6 25. Rh1 h6 26. Be2 Kh8 27. f4
Kg8 28. Kf2 Qe7 29. Rhe1 Qf6 30. Bf3 Kh8 31. a4 bxa4 32. Ra1 Nc7 33. Rxa4 Nb5
34. Qe3 Kg8 35. Be2 Rc7 36. Rea1 Qe7 37. Rd1 Kh7 38. Ra6 Rb8 39. Bc4 Rbc8 40.
Re1 Rd8 41. Nf3 Bf7 42. Bxe6 Bxe6 43. Qxe6 Qxe6 44. Rxe6 Rcd7 45. Rexc6 Nxd4
46. Rd6 Nb5 47. Rxd7 Rxd7 48. Ra5 Rb7 49. c6 Rb8 50. b3 Rb6 51. h5 a6 52. Ne5
Nc7 53. Ra3 Kg8 54. Ke2 Kf8 55. Nd7+ 1-0